000 00606nam a2200217Ia 4500
001 7323
003 GE_BSU
008 181216s||||||||xx |||||||||||||| ||und||
020 _a9789941912580
040 _cGE_BSU
080 _a821.353.1-31
100 _aსურმანიძე რამაზ.
245 _aლაზეთის ლეგენდა.
245 _bრომანი.
260 _aთბილისი.
260 _bინოვაცია.
260 _c2010.
300 _a191 გვ; 20 სმ.
653 _aლაზეთის ლეგენდა.
942 _cBK
999 _c40688
_d40688